Statistics for Countries with least amount of secure internet servers

Click here to take the quiz!

General Stats

  • This quiz has been taken 8 times
  • The average score is 6 of 11

Answer Stats

NoAnswer% Correct
1North Korea
88%
1Somalia
75%
3Chad
75%
3South Sudan
63%
3Sudan
63%
3Guinea -Bissau
50%
1Kiribati
38%
3Equatorial Guinea
38%
3Palau
38%
1Tonga
25%
2Sao Tome
25%

Score Distribution

Percentile by Number Answered

Percent of People with Each Score

Your Score History

You have not taken this quiz